000 007400000a22002290004500
003 LK-CoMWRAF
005 20231006112747.0
008 230817t2003 ||||| |||| 00| 0 eng d
020 _a095449430X
040 _aLK-CoMWRAF
_dLK-CoMWRAF
_eLK-CoMWRAF
041 _aeng
082 _a346.01
_bKNO
245 _aKnowing Our Rights:
_bWomen,Family,Laws and customs in the Muslim World
260 _aLondon:
_bWomen Living under Muslim laws,
_c2003
300 _a 360 p. ; 29 cm.
650 _aDOMESTIC RELATIONS(ISLAMIC LAW)
650 _aWomen (Islamic law) .
650 _aDomestic relations--Islamic countries
650 _aWomen--Legal status, laws, -Islamic countries.
650 _aMuslim women--Handbooks, manuals,
942 _cBK
999 _c544
_d544